000
00313nam a2200133Ia 4500
005
20260326235445.0
008
260326s9999||||xx |||||||||||||| ||und||
100
_a
Jodidio, Philip
245
0
_a
Sir Norman Foster /
_c
Philip Jodidio
260
_b
Taschen
300
_a
175 p.
650
_a
ARQUITECTOS
942
_c
BK
999
_c
7560
_d
7560